000 01566cam a22004814i 4500
003 PE-LiUPU
005 20250731165453.0
008 150623s r 000 0 d
020 _a1565630351
035 _a(Sirsi) i9781565630352
040 _aPE-LiUPU
_bspa
_cPE-LiUPU
_erda
082 0 4 _a487.412
_bS75
_221
100 1 _aSpicq, Ceslas,
_eautor.
245 1 0 _aTheological lexicon of the New Testament /
_cCeslas Spicq, traducido y editado por James D. Ernest.
264 1 _aMassachusetts :
_bHendrickson Publishers,
_c1996.
300 _a603 páginas ;
_c24 cm.
336 _atext
_2rdacontent
337 _aunmediated
_2rdamedia
338 _avolume
_2rdacarrier
504 _aIncluye bibliografía.
505 0 _aTable of Greek words.
526 _aSEG44
526 _aSEG26
526 _aP151
526 _aP150
526 _aP149
526 _aP146
526 _aP145
526 _aP126
526 _aP125
526 _aP92
526 _aP75
526 _aP74
526 _aP27
526 _aP15
650 1 4 _aGriego bíblico
_xSemántica.
_91342
650 1 4 _aGriego bíblico
_vGlosarios, vocabularios, etc.
942 _2ddc
_cBOOK
949 _aRC 487.412 S75 2
_wDEWEY
_c1
_i44653
_lCCODEBUL1
_mBUL
_p00.00
_r0
_sY
_tBOOK
_u2015-06-24
_xTEOLOGIA
_PP35
_0COMPRA
_o.STAFF. Colección General
596 _a1
999 _aRC 487.412 S75 2
_wDEWEY
_c21512
_i44653
_d21512
_f2021-11-8
_g5
_lCCODEBUL1
_mBUL
_q6
_r1
_sY
_tBOOK
_u2015-6-24
_xTEOLOGIA
_PP35
_0COMPRA
_o.STAFF. Colección General
980 _81
_gALBERTO SANCHEZ Responsable de Automatización